| 000 | 00674nam a2200217Ia 4500 | ||
|---|---|---|---|
| 003 | GCL | ||
| 008 | 140319s9999 xx 000 0 ara d | ||
| 040 |
_aGCL / _cGCL |
||
| 082 | 0 | 4 |
_aد _b050 |
| 100 | 1 | _aعبدالسلام رضوان | |
| 245 | 1 | 0 |
_aالمتلاعبون بالعقول(عالم المعرفة 106) / _cعبدالسلام رضوان |
| 700 | 1 | _aشيللر، هربرت | |
| 300 | _a272 | ||
| 490 |
_aعالم المعرفة _v0 |
||
| 650 | 0 | 4 | _aالاعلام |
| 650 | 0 | 4 | _aالوعى الاجتماعى |
| 650 | 0 | 4 | _aوسائل الاعلام |
| 650 | 0 | 4 | _aقياس الرأى العام |
| 650 | 0 | 4 | _aالاعلان المضلل |
| 942 |
_2ddc _cBK |
||
| 999 |
_c46837 _d46837 |
||